| 000 | 00439cam a2200169ua 4500 | ||
|---|---|---|---|
| 020 | _c245.00 | ||
| 041 |
_aeng _h |
||
| 082 |
_a628 _bPAN/TE |
||
| 100 | _aPani, Balram . | ||
| 245 |
_aText book of environmental chemistry / _cBalram Pani. _hTextual Documents |
||
| 260 |
_aNew Delhi : _bI.K International Publishing House , _c2007. |
||
| 300 | _a ; . | ||
| 365 | _a245.00 | ||
| 504 | _a | ||
| 942 | _cBK | ||
| 999 |
_c13442 _d13442 |
||